|
|
|
|
| LEADER |
02451nam a22004691i 4500 |
| 001 |
EBC1569172 |
| 003 |
MiAaPQ |
| 005 |
20200520144314.0 |
| 006 |
m o d | |
| 007 |
cr cnu|||||||| |
| 008 |
010327s2001 cau ob 001 0 eng d |
| 020 |
|
|
|z 9780817928124
|
| 020 |
|
|
|a 9780817928186
|q (electronic bk.)
|
| 035 |
|
|
|a (MiAaPQ)EBC1569172
|
| 035 |
|
|
|a (Au-PeEL)EBL1569172
|
| 035 |
|
|
|a (CaPaEBR)ebr10812431
|
| 035 |
|
|
|a (CaONFJC)MIL547071
|
| 035 |
|
|
|a (OCoLC)865331395
|
| 040 |
|
|
|a MiAaPQ
|b eng
|e rda
|e pn
|c MiAaPQ
|d MiAaPQ
|
| 043 |
|
|
|a e-ur---
|
| 050 |
|
4 |
|a HC335.3
|b .B44 2001
|
| 082 |
0 |
|
|a 338.947
|2 21
|
| 245 |
0 |
0 |
|a Behind the facade of Stalin's command economy :
|b evidence from the Soviet state and party archives /
|c Paul R. Gregory, editor.
|
| 264 |
|
1 |
|a Stanford, California :
|b Hoover Institution Press, Stanford University,
|c 2001.
|
| 300 |
|
|
|a 1 online resource (215 pages)
|
| 336 |
|
|
|a text
|2 rdacontent
|
| 337 |
|
|
|a computer
|2 rdamedia
|
| 338 |
|
|
|a online resource
|2 rdacarrier
|
| 440 |
|
0 |
|a Hoover Institution Press publication ;
|v 493
|
| 504 |
|
|
|a Includes bibliographical references and index.
|
| 505 |
0 |
0 |
|t The contribution of the Soviet archives / Joseph S. Berliner -- The dictator's orders / Paul R. Gregory -- Leaders and their institutions / E.A. Rees -- Making economic policy / R.W. Davies -- Providing for defense / Mark Harrison -- The economy of the gulag / Oleg Khlevnyuk -- Economic crime and punishment / Eugenia Belova -- Stalin's last plan / Aleksei Tikhonov and Paul R. Gregory.
|
| 588 |
|
|
|a Description based on print version record.
|
| 590 |
|
|
|a Electronic reproduction. Ann Arbor, MI : ProQuest, 2015. Available via World Wide Web. Access may be limited to ProQuest affiliated libraries.
|
| 600 |
1 |
0 |
|a Stalin, Joseph,
|d 1879-1953.
|
| 650 |
|
0 |
|a Economic development
|z Soviet Union.
|
| 651 |
|
0 |
|a Soviet Union
|x Economic policy.
|
| 651 |
|
0 |
|a Soviet Union
|x History
|y 1925-1953.
|
| 655 |
|
4 |
|a Electronic books.
|
| 700 |
1 |
|
|a Gregory, Paul R.
|
| 776 |
0 |
8 |
|i Print version:
|t Behind the facade of Stalin's command economy : evidence from the Soviet state and party archives.
|d Stanford, California : Hoover Institution Press, Stanford University, 2001
|h ix, 202 pages ; 23 cm.
|k Hoover Institution Press publication ; 493.
|z 9780817928124
|w (DLC) 2001024459
|
| 797 |
2 |
|
|a ProQuest (Firm)
|
| 856 |
4 |
0 |
|u https://ebookcentral.proquest.com/lib/matrademy/detail.action?docID=1569172
|z Click to View
|